000 00635cam a22002051 4500
001 ca 36000151
003 DLC
005 20260227111140.0
008 890710s1936 maua 000 0 eng
010 _aca 36000151
035 _a(OCoLC)19983985
040 _aDLC
_cRPB
_dDLC
050 0 0 _aPS3537.C36
_bO6 1936
082 _a812.5
100 1 _aSchimmel, Robert C.
_q(Robert Carl),
_d1895-
245 1 0 _aOne horse town;
_ba comedy in three acts,
_cby Robert C. Schimmel ...
260 _aBoston, Mass.,
_aLos Angeles, Calif.
_b[Walter H. Baker Company,
_cc1936]
300 _a150 p.
_bdiagr.
_c19 cm.
490 0 _aBakers̕ royalty plays
999 _c18009
_d18009